| 000 | 00441nam a2200181Ia 4500 | ||
|---|---|---|---|
| 005 | 20230131141308.0 | ||
| 008 | 131103s9999 xx 000 0 und d | ||
| 040 | _aLoreto College | ||
| 041 | _aEnglish | ||
| 082 |
_a880 _bPLA |
||
| 100 | _aGarcy,William | ||
| 245 |
_aPlato's repulic and dialogues _cWilliam Garcy |
||
| 260 |
_aLondon _bColes Pub. _c1968 |
||
| 300 | _a209 p. | ||
| 440 | _aColes Notes | ||
| 850 | _aLCLIB | ||
| 942 | _cBK | ||
| 999 |
_c5477 _d55956 |
||